Stezky a strategie I : metodologické trajektorie dějepisu umění (především ve střední Evropě) /

Hlavní autor: Bakoš, Ján, 1943-2025
Jazyk: Čeština
Vydáno: Brno : Barrister & Principal Publishing, 2017
Vydání: 1. vydání
Témata:
Fyzický popis: 271 stran ; 23 cm
Knihy
Uloženo v:
LEADER 01779nam a2200481 i 4500
001 nkc20182980800
003 CZ PrNK
005 20180419110151.0
007 ta
008 180219s2017 xr f 001 e cze
015 |a cnb002980800 
020 |a 978-80-7485-151-3  |q (brožováno) :  |c Kč 285,00 
035 |a (OCoLC)1031056720 
040 |a OLA001  |b cze  |d ABA001  |e rda 
072 7 |a 7.01/.09  |x Umění  |2 Konspekt  |9 21 
080 |a 72/76(091)  |2 MRF 
080 |a 7.072.2:930  |2 MRF 
080 |a (048.8)  |2 MRF 
080 |a (081)  |2 MRF 
100 1 |a Bakoš, Ján,  |d 1943-2025  |7 jn19990210078  |4 aut 
245 1 0 |a Stezky a strategie I :  |b metodologické trajektorie dějepisu umění (především ve střední Evropě) /  |c Ján Bakoš 
246 3 0 |a Metodologické trajektorie dějepisu umění 
250 |a 1. vydání 
264 1 |a Brno :  |b Barrister & Principal Publishing,  |c 2017 
300 |a 271 stran ;  |c 23 cm 
336 |a text  |b txt  |2 rdacontent 
337 |a bez média  |b n  |2 rdamedia 
338 |a svazek  |b nc  |2 rdacarrier 
504 |a Obsahuje bibliografické odkazy a rejstřík 
650 0 7 |a dějiny umění  |7 ph119698  |x metodologie  |2 czenas 
650 0 7 |a historiografie umění  |7 ph135272  |2 czenas 
650 0 9 |a history of art  |x methodology  |2 eczenas 
650 0 9 |a art historiography  |2 eczenas 
655 7 |a studie  |7 fd133597  |2 czenas 
655 7 |a sborníky  |7 fd724345  |2 czenas 
655 9 |a studies  |2 eczenas 
655 9 |a collections of works  |2 eczenas 
910 2 |a BOA001  |b 2-1403.539 
990 |a BK 
995 |a 01 
991 |b 201802  |c NOV 
996 6 |b 2610735576  |c 2-1403.539  |l MZK  |r Sklad / do 1 hodiny  |n 1  |p p.v.  |w 001652963  |u 000010  |a 1  |e BOA001  |j MZK50  |s P 
996 7 |b 2610735577  |c 2-1403.539  |l MZK  |r Sklad / do 1 hodiny  |n 8  |p p.v.  |w 001652963  |u 000020  |a 1  |e BOA001  |j MZK50  |s A